[Event "GER-ch 2013-F-V6 serv"]
[Site "GER email"]
[Date "2013.12.23"]
[Round "?"]
[White "Knoeppel, Peter Otto"]
[Black "Drosson, Franz"]
[Result "1/2-1/2"]
[WhiteElo "1733"]
[BlackElo "1935"]
[PlyCount "141"]
[EventDate "2013.12.31"]
[EventType "tourn (corr)"]
[EventRounds "6"]
[EventCountry "GER"]
[SourceTitle "Corr 2020"]
[Source "ChessBase"]
[SourceDate "2019.09.30"]
[SourceVersion "1"]
[SourceVersionDate "2019.09.30"]
[SourceQuality "1"]

1. d4 d5 2. c4 e6 3. Nc3 Nf6 4. Nf3 Nbd7 5. Bg5 c6 6. e3 Qa5 7. Nd2 Bb4 8. Qc2 0-0 9. Be2 e5 10. dxe5 Ne4 11. Ndxe4 dxe4 12. 0-0 Bxc3 13. bxc3 Nxe5 14. Qxe4 f6 15. Bh4 Be6 16. Rfb1 Rab8 17. Bg3 Bf7 18. Qc2 Bg6 19. e4 f5 20. Qd2 fxe4 21. c5 Qxc5 22. Qd4 Qxd4 23. cxd4 Nd3 24. Bxb8 Rxb8 25. Rb3 b5 26. Rc3 Rb6 27. f3 Nf4 28. Bd1 Ra6 29. Rac1 Kf8 30. fxe4 Bxe4 31. Bf3 Bd5 32. g3 b4 33. Re3 Ne6 34. a3 Rxa3 35. Rxa3 bxa3 36. Bxd5 cxd5 37. Ra1 Nxd4 38. Rxa3 Nb5 39. Ra5 a6 40. Rxa6 Ke7 41. Rc6 Kd7 42. Rb6 Nc7 43. Kf2 Ne6 44. Ke3 h5 45. Rb8 Ke7 46. Rh8 g6 47. Rg8 Kf6 48. Rb8 Ke5 49. Ke2 Nd4+ 50. Kd3 Ne6 51. Rh8 Kf6 52. Kd2 Kf5 53. Kd3 Kf6 54. Kd2 Kf5 55. Ke3 Ke5 56. Rb8 Kf5 57. Rc8 Ke5 58. Rc1 Kf5 59. Rf1+ Ke5 60. Rf7 Nc5 61. Re7+ Ne6 62. Kd3 Kd6 63. Rh7 Ke5 64. Re7 Kd6 65. Re8 Ke5 66. Ke2 Kf5 67. Kf3 Nd4+ 68. Ke3 Ne6 69. Re7 Kf6 70. Rh7 Ke5 71. Rh6 1/2-1/2

[Event "GER-ch 2013-F-V6 serv"]
[Site "GER email"]
[Date "2013.12.23"]
[Round "?"]
[White "Knoeppel, Peter Otto"]
[Black "Reinecke, Rudolf"]
[Result "0-1"]
[WhiteElo "1733"]
[BlackElo "2041"]
[PlyCount "130"]
[EventDate "2013.12.31"]
[EventType "tourn (corr)"]
[EventRounds "6"]
[EventCountry "GER"]
[SourceTitle "Corr 2020"]
[Source "ChessBase"]
[SourceDate "2019.09.30"]
[SourceVersion "1"]
[SourceVersionDate "2019.09.30"]
[SourceQuality "1"]

1. d4 Nf6 2. c4 e6 3. Nf3 d5 4. Nc3 Be7 5. Bf4 0-0 6. e3 Nbd7 7. Be2 dxc4 8. Bxc4 a6 9. 0-0 b5 10. Be2 Bb7 11. Ne5 Nxe5 12. Bxe5 c5 13. Rc1 c4 14. Bf3 Bxf3 15. Qxf3 Nd5 16. a4 f6 17. Bg3 Qd7 18. Rfd1 f5 19. Ne2 Rfc8 20. Be5 bxa4 21. e4 fxe4 22. Qxe4 a3 23. Qg4 Bd6 24. bxa3 Bxa3 25. Rc2 Bf8 26. Nf4 a5 27. Qxe6+ Qxe6 28. Nxe6 c3 29. Nxf8 Rxf8 30. Rb1 Rfc8 31. Ra1 Rc6 32. Kf1 a4 33. Ra3 Rb6 34. Ke2 Kf7 35. g3 g5 36. Rc1 Rb2+ 37. Kd3 Rxf2 38. Bd6 Rxh2 39. Kc4 Ke6 40. Bc5 Re2 41. g4 Re4 42. Rh1 c2 43. Kd3 Rxg4 44. Kxc2 Rg2+ 45. Kd3 Nf4+ 46. Ke4 Re2+ 47. Kf3 Kf5 48. Bd6 g4+ 49. Kg3 Rg2+ 50. Kh4 Ra6 51. Bxf4 Kxf4 52. Rf1+ Ke4 53. Re1+ Kd5 54. Re8 Kxd4 55. Rd8+ Kc5 56. Rb8 Rg1 57. Ra2 Kd5 58. Rd2+ Kc4 59. Rc8+ Kb3 60. Rb8+ Kc3 61. Re2 g3 62. Rc8+ Kd3 63. Rcc2 a3 64. Rcd2+ Kc3 65. Kg4 Rg6+ 0-1

[Event "GER-ch 2013-F-V6 serv"]
[Site "GER email"]
[Date "2013.12.23"]
[Round "?"]
[White "Langheld, Werner"]
[Black "Knoeppel, Peter Otto"]
[Result "1-0"]
[WhiteElo "1963"]
[BlackElo "1733"]
[PlyCount "59"]
[EventDate "2013.12.31"]
[EventType "tourn (corr)"]
[EventRounds "6"]
[EventCountry "GER"]
[SourceTitle "Corr 2015"]
[Source "ChessBase"]
[SourceDate "2015.07.17"]
[SourceVersion "1"]
[SourceVersionDate "2015.07.17"]
[SourceQuality "1"]

1. e4 c5 2. b4 b6 3. bxc5 bxc5 4. Nc3 Nc6 5. Rb1 Nf6 6. Nf3 e6 7. Bb5 Qc7 8. Bxc6 dxc6 9. e5 Nd7 10. Qe2 Be7 11. 0-0 0-0 12. Re1 Bb7 13. Ne4 Rab8 14. Bb2 h6 15. c4 Ba6 16. d3 Rb6 17. Bc3 Rfb8 18. Rbd1 Rd8 19. g4 Rb7 20. g5 h5 21. Nfd2 g6 22. Qf3 Rdb8 23. Qf4 Rf8 24. Nf6+ Kg7 25. Nde4 Rbb8 26. Re3 Qd8 27. Nd6 Nb6 28. Rh3 Na4 29. Bd2 Rb2 30. Nde8+ 1-0

[Event "LSS VS012"]
[Site "LSS email"]
[Date "2012.01.24"]
[Round "?"]
[White "Duchene, Klaus"]
[Black "Knoeppel, Peter Otto"]
[Result "1/2-1/2"]
[WhiteElo "1893"]
[BlackElo "1954"]
[PlyCount "79"]
[EventDate "2012.02.02"]
[EventType "tourn (corr)"]
[EventRounds "6"]
[EventCountry "GER"]
[SourceTitle "Telechess CBM 153"]
[Source "ChessBase"]
[SourceDate "2013.03.14"]
[SourceVersion "1"]
[SourceVersionDate "2013.03.14"]
[SourceQuality "1"]

1. c4 e5 2. g3 Nf6 3. Nc3 Bb4 4. Bg2 0-0 5. e3 Bxc3 6. bxc3 d6 7. d4 Nc6 8. Nf3 Bf5 9. 0-0 Qd7 10. Qb3 e4 11. Nd2 a6 12. Qc2 Rfe8 13. Ba3 b6 14. Rfe1 b5 15. h3 h5 16. Kh2 Na5 17. c5 d5 18. Bb4 Nc6 19. a4 Ne7 20. Reb1 Reb8 21. Rb2 Qc8 22. axb5 axb5 23. Rba2 Bd7 24. Nb3 h4 25. g4 Qe8 26. Nd2 Nc6 27. Bf1 Rxa2 28. Qxa2 Qe6 29. Bg2 Rc8 30. Kg1 Rb8 31. Re1 Rb7 32. Qb2 Nxg4 33. hxg4 Qxg4 34. Kh2 Ra7 35. Nf1 Ra4 36. Ra1 Nxb4 37. cxb4 c6 38. Rb1 g6 39. Qc2 Kg7 40. Qd2 1/2-1/2

[Event "LSS VS012"]
[Site "LSS email"]
[Date "2012.01.24"]
[Round "?"]
[White "Grzelachowski, Piotr"]
[Black "Knoeppel, Peter Otto"]
[Result "1/2-1/2"]
[WhiteElo "1800"]
[BlackElo "1954"]
[PlyCount "64"]
[EventDate "2012.02.02"]
[EventType "tourn (corr)"]
[EventRounds "6"]
[EventCountry "GER"]
[SourceTitle "Telechess CBM 153"]
[Source "ChessBase"]
[SourceDate "2013.03.14"]
[SourceVersion "1"]
[SourceVersionDate "2013.03.14"]
[SourceQuality "1"]

1. e4 c5 2. Nc3 d6 3. f4 g6 4. g3 Nf6 5. Bg2 Bg7 6. Nf3 Nc6 7. 0-0 0-0 8. d3 Rb8 9. a4 Bg4 10. h3 Bd7 11. g4 Ne8 12. Be3 Nc7 13. d4 cxd4 14. Nxd4 Ne6 15. Nde2 Qa5 16. Qd2 Rbd8 17. Rad1 Nc7 18. Nd5 Qxd2 19. Rxd2 Rc8 20. b3 Nxd5 21. exd5 Nb4 22. c4 a5 23. Ng3 Rce8 24. Bb6 Ra8 25. Re2 Rfe8 26. f5 Be5 27. fxg6 hxg6 28. Ne4 f6 29. Nd2 f5 30. Nf3 Bf6 31. g5 Bg7 32. Bd4 Bxd4+ 1/2-1/2

[Event "LSS VS012"]
[Site "LSS email"]
[Date "2012.01.24"]
[Round "?"]
[White "Knoeppel, Peter Otto"]
[Black "Grzelachowski, Piotr"]
[Result "1/2-1/2"]
[WhiteElo "1954"]
[BlackElo "1800"]
[PlyCount "71"]
[EventDate "2012.02.02"]
[EventType "tourn (corr)"]
[EventRounds "6"]
[EventCountry "GER"]
[SourceTitle "Telechess CBM 153"]
[Source "ChessBase"]
[SourceDate "2013.03.14"]
[SourceVersion "1"]
[SourceVersionDate "2013.03.14"]
[SourceQuality "1"]

1. e4 e5 2. Nf3 Nc6 3. d4 exd4 4. Nxd4 Bc5 5. Nxc6 Qf6 6. Qd2 dxc6 7. Nc3 Ne7 8. Qf4 Be6 9. Qxf6 gxf6 10. Na4 Bb4+ 11. c3 Bd6 12. Be3 b6 13. f4 0-0-0 14. Kf2 Rhe8 15. b4 f5 16. e5 Nd5 17. exd6 Nxe3 18. Kxe3 Bb3+ 19. Kf3 Bxa4 20. Bd3 Rxd6 21. Bxf5+ Kd8 22. Rhe1 h5 23. Rxe8+ Kxe8 24. Re1+ Kf8 25. Ke3 c5 26. a3 cxb4 27. cxb4 Kg7 28. Rc1 Kf6 29. Bd3 Re6+ 30. Kf2 c6 31. g3 Bb3 32. Rc3 Bd5 33. h4 Re7 34. Be2 Kg6 35. Re3 Rxe3 36. Kxe3 1/2-1/2